000 00510nam a2200169 a 4500
005 20140412111339.0
008 040616s19uu xx 00 eng d
020 _a0-689-71441-6
050 _aTR(PS E
_bMu97 1990
100 _aGinsburg, Mirra
245 _aMushroom in the rain /
_cby Mirra Ginsburg; pictures by Jose Aruego & Ariane Dewey.
260 _aNew York :
_bAladdin Paperbacks,
_c1974.
300 _a[29] p. ; ill.
650 _aAnimals--Stories
650 _aMushroom--Stories
999 _c105092
_d105092